<?xml version="1.0" encoding="UTF-8"?><?xml-stylesheet type="text/xsl" href="static/style.xsl"?><OAI-PMH xmlns="http://www.openarchives.org/OAI/2.0/" xmlns:xsi="http://www.w3.org/2001/XMLSchema-instance" xsi:schemaLocation="http://www.openarchives.org/OAI/2.0/ http://www.openarchives.org/OAI/2.0/OAI-PMH.xsd"><responseDate>2026-04-17T19:04:04Z</responseDate><request verb="GetRecord" identifier="oai:riubu.ubu.es:10259/10707" metadataPrefix="marc">https://riubu.ubu.es/oai/request</request><GetRecord><record><header><identifier>oai:riubu.ubu.es:10259/10707</identifier><datestamp>2025-07-15T00:05:34Z</datestamp><setSpec>com_10259_6171</setSpec><setSpec>com_10259_5086</setSpec><setSpec>com_10259_2604</setSpec><setSpec>col_10259_6172</setSpec></header><metadata><record xmlns="http://www.loc.gov/MARC21/slim" xmlns:doc="http://www.lyncode.com/xoai" xmlns:xsi="http://www.w3.org/2001/XMLSchema-instance" xmlns:dcterms="http://purl.org/dc/terms/" xsi:schemaLocation="http://www.loc.gov/MARC21/slim http://www.loc.gov/standards/marcxml/schema/MARC21slim.xsd">
<leader>00925njm 22002777a 4500</leader>
<datafield tag="042" ind1=" " ind2=" ">
<subfield code="a">dc</subfield>
</datafield>
<datafield tag="720" ind1=" " ind2=" ">
<subfield code="a">Revilla Cuesta, Víctor</subfield>
<subfield code="e">author</subfield>
</datafield>
<datafield tag="720" ind1=" " ind2=" ">
<subfield code="a">Skaf Revenga, Marta</subfield>
<subfield code="e">author</subfield>
</datafield>
<datafield tag="720" ind1=" " ind2=" ">
<subfield code="a">Manso Morato, Javier</subfield>
<subfield code="e">author</subfield>
</datafield>
<datafield tag="720" ind1=" " ind2=" ">
<subfield code="a">Hurtado Alonso, Nerea</subfield>
<subfield code="e">author</subfield>
</datafield>
<datafield tag="720" ind1=" " ind2=" ">
<subfield code="a">Manso Villalaín, Juan Manuel</subfield>
<subfield code="e">author</subfield>
</datafield>
<datafield tag="260" ind1=" " ind2=" ">
<subfield code="c">2025-10</subfield>
</datafield>
<datafield tag="520" ind1=" " ind2=" ">
<subfield code="a">Selectively Crushed Wind-Turbine Blade (SCWTB) is obtained through knife crushing of panels from wind-turbine blades. Two thirds of SCWTB weight consist of GFRP-composite fibers, which may improve both dimensional stability and high-temperature resistance of concrete. In this investigation, the evaluation of such aspects in concrete containing 1.5 %, 3.0 %, 4.5 % and 6.0 % SCWTB by volume is addressed. For this purpose, plastic shrinkage, drying shrinkage, total shrinkage, and thermal expansion were evaluated regarding dimensional stability, while resistance to high temperatures was assessed through accelerated-aging and thermal-shock tests. The results revealed that 6.0 % SCWTB reduced by half concrete plastic shrinkage, and total shrinkage by 40–50 % at 7 days and by 10–20 % at 91 days. Furthermore, the initial thermal strain was decreased from SCWTB contents of 3.0 %, which in turn reduced the linear thermal expansion coefficient, which had a value of 1.49·10−5 °C−1 in concrete with 6.0 % SCWTB. Finally, concrete with SCWTB maintained adequate compressive strength after accelerated aging and air-heating thermal shock, reaching values above 40 MPa, and halved the loss of flexural strength when added in a content of 6.0 %. Scanning electron microscopy revealed that high temperatures caused micro-cracks that started in weak zones and propagated along the glass fibers of GFRP, but the bond between the cementitious matrix and the GFRP-composite fibers was ideal, so the matrix fractured instead of the fibers slipping when loading. The improvements induced by SCWTB were statistically significant, so this waste can be considered a value-added material in terms of the concrete behavior analyzed.</subfield>
</datafield>
<datafield tag="024" ind2=" " ind1="8">
<subfield code="a">2352-7102</subfield>
</datafield>
<datafield tag="024" ind2=" " ind1="8">
<subfield code="a">https://hdl.handle.net/10259/10707</subfield>
</datafield>
<datafield tag="024" ind2=" " ind1="8">
<subfield code="a">10.1016/j.jobe.2025.113440</subfield>
</datafield>
<datafield ind1=" " ind2=" " tag="653">
<subfield code="a">Selectively crushed wind-turbine blade</subfield>
</datafield>
<datafield ind1=" " ind2=" " tag="653">
<subfield code="a">Concrete</subfield>
</datafield>
<datafield ind1=" " ind2=" " tag="653">
<subfield code="a">Dimensional stability</subfield>
</datafield>
<datafield ind1=" " ind2=" " tag="653">
<subfield code="a">Accelerated aging</subfield>
</datafield>
<datafield ind1=" " ind2=" " tag="653">
<subfield code="a">Thermal shock</subfield>
</datafield>
<datafield tag="245" ind1="0" ind2="0">
<subfield code="a">Deepening the effect of selectively crushed wind-turbine blade on the dimensional stability and high-temperature resistance of concrete</subfield>
</datafield>
</record></metadata></record></GetRecord></OAI-PMH>